000 00536nam a22001577a 4500
003 NUST
082 _a629.8
100 _a RAZA ,ALI
_919808
245 _aAnti-spoofing for single camera-based face recognition systems /
_cALI RAZA
264 _aIslamabad:
_bSMME- NUST.
_c2021.
300 _a124p. ;
_b Soft Copy,
_c30cm.
650 _aMS Robotics and Intelligent Machine Engineering
_9119486
700 _aSupervisor : Dr. Hasan Sajid
_9121640
856 _uhttp://10.250.8.41:8080/xmlui/handle/123456789/26324
942 _2ddc
_cTHE
999 _c608915
_d608915